| Tag |
First Indicator |
Second Indicator |
Subfields |
| LEADER |
00000cam a2200000Ki 4500 |
| 001 |
in00004528921 |
| 005 |
20191205081904.0 |
| 008 |
800701s1979 gw a b 000 0 ger |
| 035 |
|
|
|a (OCoLC)ocm06475287
|
| 035 |
|
|
|a (OCoLC)6475287
|
| 035 |
|
|
|z (UtOrBLW)64849
|
| 035 |
|
|
|a 92280
|
| 040 |
|
|
|a AGL
|b eng
|c AGL
|d OCLCQ
|d UtOrBLW
|
| 041 |
0 |
|
|a ger
|b eng
|
| 049 |
|
|
|a TMVM
|
| 100 |
1 |
|
|a Brunner, Claudia,
|d 1947-
|
| 242 |
0 |
0 |
|a Cell count determination in milk by bioluminescence technique.
|y eng
|
| 245 |
1 |
0 |
|a Zellgehaltsbestimmung in Milch nach dem Biolumineszenzverfahren /
|c von Claudia Brunner.
|
| 264 |
|
1 |
|a München :
|b [publisher not identified],
|c 1979.
|
| 300 |
|
|
|a 48 pages :
|b illustrations
|
| 336 |
|
|
|a text
|2 rdacontent
|b txt
|
| 337 |
|
|
|a unmediated
|2 rdamedia
|
| 338 |
|
|
|a volume
|2 rdacarrier
|b nc
|
| 490 |
0 |
|
|a Munich. Universität. Fachbereich Tiermedizin. Inaugural-Dissertation ; [1979, no. 69]
|
| 500 |
|
|
|a English summary.
|
| 500 |
|
|
|a Includes vita.
|
| 504 |
|
|
|a Includes bibliographical references (pages 44-48).
|
| 999 |
|
|
|a MARS
|
| 999 |
f |
f |
|s cc0db989-b712-3954-8e79-0bb0b75379f1
|i 9dbc7828-228b-3cd1-b7a1-d91ef8bd6199
|t 0
|
| 952 |
f |
f |
|p preservation
|a Texas A&M University
|b J.J. Pickle Campus
|c High Density Repository
|d Remote Storage
|t 0
|e German dissertations
|h Other scheme
|i unmediated -- volume
|m 3238902476405
|
| 998 |
f |
f |
|a German dissertations
|t 0
|l Remote Storage
|